| 000 | 00599nam a22001697a 4500 | ||
|---|---|---|---|
| 003 | OSt | ||
| 005 | 20220323143727.0 | ||
| 008 | 220316b |||||||| |||| 00| 0 eng d | ||
| 020 | _a9780620922159 | ||
| 040 | _cCML | ||
| 082 |
_221 _a820.2CHI |
||
| 245 |
_aTHE YOUNG CHACHACHA FUGITIVE _bRECOLLECTIONS OF THE CONTRIBUTION OF HARRY NKUKA CHIBESAKUNDA TO ZAMBIA'S INDEPENDENCE STRUGGLE _cCHIBESAKUNDA, H.N. |
||
| 250 |
_aSECOND SCHOOL EDITION _b2021 |
||
| 260 |
_aLUSAKA _bAKALO BOOKS SERVICES _c2020 |
||
| 300 |
_bINCLUDES SONGS, TRIBUTES,A BIBLIOGRAPHY AND A CORRIGENDUM _cxiv, . 127p. |
||
| 942 |
_2ddc _cBK |
||
| 999 |
_c3938 _d3938 |
||